| 000 | 00393nam a22001697a 4500 | ||
|---|---|---|---|
| 005 | 20200522095746.0 | ||
| 008 | 200522b xxu||||| |||| 00| 0 eng d | ||
| 020 | _a978938615049 | ||
| 041 | _aeng | ||
| 082 | _a340.54 JAI | ||
| 100 |
_aJain M.P _95729 |
||
| 245 | _aIndian Constitutional Law | ||
| 250 | _a8'th ed | ||
| 260 |
_aHaryana _bLexisnexls _c2018 |
||
| 300 | _a2059p. | ||
| 942 | _cBK | ||
| 999 |
_c6417 _d6415 |
||